000 00433nam a2200145Ia 4500
008 100122s9999 xx 000 0 und d
082 _b58976
_a823
100 _aआचार्य नयना
245 _aभुलभुलैय्या
260 _bगीता एजन्सीज
_c2000
300 _a124
630 _aभुलभुलैय्या
730 _aभुलभुलैय्या
942 _cBOOK
999 _c434680
_d434677